PR-SOF-1863-Cyber Heart (Record no. 578880)
[ view plain ]
| 000 -LEADER | |
|---|---|
| fixed length control field | 00309nam a22000977a 4500 |
| 100 ## - MAIN ENTRY--PERSONAL NAME | |
| Personal name | PC MUHAMMAD SAAD SALAHUDDIN NS AHMAD MOIZ NS OMAR HASAN NS HASSAAN AHMAD SIDDIQI |
| 9 (RLIN) | 72919 |
| 245 ## - TITLE STATEMENT | |
| Title | PR-SOF-1863-Cyber Heart |
| 650 ## - SUBJECT ADDED ENTRY--TOPICAL TERM | |
| Topical term or geographic name entry element | DE-COMP-38 |
| 9 (RLIN) | 72920 |
| 700 ## - ADDED ENTRY--PERSONAL NAME | |
| Personal name | SUPERVISOR DR. QAISER CHAUDRY |
| 9 (RLIN) | 70543 |
| 942 ## - ADDED ENTRY ELEMENTS (KOHA) | |
| Koha item type | Continuing Resources |
| Withdrawn status | Lost status | Damaged status | Not for loan | Collection code | Permanent Location | Current Location | Shelving location | Date acquired | Total Checkouts | Barcode | Date last seen | Price effective from | Koha item type |
|---|---|---|---|---|---|---|---|---|---|---|---|---|---|
| College of Electrical & Mechanical Engineering (CEME) | College of Electrical & Mechanical Engineering (CEME) | General Stacks | 02/08/2021 | PR-SOF-1863 | 06/28/2021 | 06/28/2021 | Continuing Resources |
